| 000 | 00977nam a22002535a 4500 | ||
|---|---|---|---|
| 005 | 20100501121255.0 | ||
| 008 | 090911s2009 ii ab b 100 0 eng d | ||
| 010 | _aENG-96457 | ||
| 020 |
_a8126024313 _c75.00 |
||
| 035 | _aEN- 79990 | ||
| 037 | _b DBAD/VEN | ||
| 082 | _a871.3 | ||
| 100 |
_aPadmanabhan, Neela _91256 |
||
| 245 |
_aBirds in a cage / _cby Neela Padmanabhan ; translated from the Tamil by M. Vijaylakshmi |
||
| 260 |
_aNew Delhi _bSahitya Akademi _c2009 |
||
| 270 |
_aRabindra Bhawan, 35, Ferozeshah Road, _bNew Delhi _e110001 |
||
| 300 |
_avi,126p. _c22cm (pbk) |
||
| 490 |
_aKatha Bharati Series _91257 |
||
| 520 | _aContributed articles. | ||
| 700 |
_aVijayalakshmi, M. _91258 |
||
| 942 |
_2ddc _cEN _mPAD _h871.3 |
||
| 999 |
_c35579 _d35579 |
||